<?xml version="1.0" encoding="UTF-8"?>
<collection xmlns="http://www.loc.gov/MARC21/slim">
    <record>
        <controlfield tag="001">73137</controlfield>
        <controlfield tag="005">20180822115344.0</controlfield>
        <datafield tag="037" ind1=" " ind2=" ">
            <subfield code="a">GDOC-2017-29121</subfield>
        </datafield>
        <datafield tag="041" ind1=" " ind2=" ">
            <subfield code="a">spa</subfield>
        </datafield>
        <datafield tag="041" ind1=" " ind2=" ">
            <subfield code="a">eng</subfield>
        </datafield>
        <datafield tag="100" ind1=" " ind2=" ">
            <subfield code="0">(orcid)0000-0001-8576-1973</subfield>
            <subfield code="1">458239</subfield>
            <subfield code="a">NICOLÁS ALEJANDRO GUILLÉN, NAVARRO</subfield>
        </datafield>
        <datafield tag="245" ind1="0" ind2="0">
            <subfield code="9">29121</subfield>
            <subfield code="a">Derecho administrativo del turismo</subfield>
        </datafield>
        <datafield tag="242" ind1="0" ind2="0">
            <subfield code="9">29121</subfield>
            <subfield code="a">Administrative Law for Tourism</subfield>
        </datafield>
        <datafield tag="260" ind1=" " ind2=" ">
            <subfield code="a">Zaragoza</subfield>
            <subfield code="b">Universidad de Zaragoza</subfield>
            <subfield code="c">2017-2018</subfield>
        </datafield>
        <datafield tag="520" ind1=" " ind2=" ">
            <subfield code="a">Breve presentación de la asignatura
En dicha asignatura, el alumno tendrá ocasión tanto de conocer los principios básicos del Derecho Administrativo, básicamente expuesto en la Ley 39/2015, de 1 de octubre, del Procedimiento Administrativo Común de las Administraciones Públicas y Ley 40/2015, de 1 de octubre, de Régimen Jurídico del Sector Público, así como tener una idea completa de toda la organización administrativa con las diferentes competencias que cada una de las administraciones tiene, en relación con el turismo, conociendo organizaciones internacionales y la organización estatal recogida en la Constitución Española, con especial hincapié en el DECRETO LEGISLATIVO 1/2016, de 26 de julio, del Gobierno de Aragón, por el que se aprueba el texto refundido de la Ley del Turismo de Aragón, como pieza clave del ordenamiento jurídico de nuestra Comunidad Autónoma en relación con el turismo</subfield>
        </datafield>
        <datafield tag="521" ind1=" " ind2=" ">
            <subfield code="9">139</subfield>
            <subfield code="a">Graduado en Turismo</subfield>
            <subfield code="b">Degree in Tourism</subfield>
        </datafield>
        <datafield tag="540" ind1=" " ind2=" ">
            <subfield code="a">by-nc-sa</subfield>
            <subfield code="b">Creative Commons</subfield>
            <subfield code="c">3.0</subfield>
            <subfield code="u">http://creativecommons.org/licenses/by-nc-sa/3.0/</subfield>
        </datafield>
        <datafield tag="830" ind1=" " ind2=" ">
            <subfield code="9">445</subfield>
        </datafield>
        <datafield tag="856" ind1="4" ind2=" ">
            <subfield code="s">15684</subfield>
            <subfield code="u">http://zaguan.unizar.es/record/73137/files/guia-29121-es.pdf</subfield>
            <subfield code="y">Guía (idioma español)</subfield>
        </datafield>
        <datafield tag="856" ind1="4" ind2=" ">
            <subfield code="s">8447</subfield>
            <subfield code="u">http://zaguan.unizar.es/record/73137/files/guia-29121-en.pdf</subfield>
            <subfield code="y">Guide (english)</subfield>
        </datafield>
        <datafield tag="970" ind1=" " ind2=" ">
            <subfield code="a">GDOC-2017-29121</subfield>
        </datafield>
        <datafield tag="980" ind1=" " ind2=" ">
            <subfield code="a">GDOC</subfield>
            <subfield code="b">Ciencias Sociales y Jurídicas</subfield>
            <subfield code="b">Social Sciences and Law</subfield>
            <subfield code="c">177</subfield>
        </datafield>
    </record>

    
</collection>